000 00296nam a2200109 4500
008 160702b xxu||||| |||| 00| 0 eng d
100 _91818
_a Madhubun Educational books
245 _aTales from Shakepeare
260 _aNew Delhi
_bVIkas
_c1986
300 _aTales from Shakepeare
942 _2ddc
_cBK
999 _c1522
_d1522